000 00693nam a2200229 a 4500
001 000017416
003 DO-SdBNP
005 20240412074247.0
008 100324s2008 dr a 001 p spa d
020 _a9789945420463
040 _aDO-SdBNP
_bspa
_cBNPHU
082 _aRD861.44
_bA657r
100 1 _aAquino, Albany,
_d1972-
_938104
245 1 3 _aEl reflejo de las rutas /
_cAlbany Aquino.
260 _a[Santo Domingo] :
_bÁngeles de Fierro :
_bNacional,
_c2008.
300 _a56 p. :
_bil. ;
_c18 cm.
590 _aInventariado, 2018/LP
650 0 _aPoesía dominicana
_966
650 0 _aLiteratura dominicana.
_967
910 _aValidado. Control de calidad BNPHU
942 _2ddc
_cLBS1
999 _c16941
_d16941